| 000 | 00000nam 2200000za 4500 |
| 001 | 9.577151 |
| 003 | CaOODSP |
| 005 | 20210624185457 |
| 007 | cr ||||||||||| |
| 008 | 150406|1991||||xxc|||||o f|0| 0 eng d |
| 040 | |aCaOODSP|beng |
| 043 | |an-cn--- |
| 086 | 1 |aH42-2/38-1991E-PDF |
| 245 | 00|aPreparation of human new drug submissions |h[electronic resource] |
| 246 | 1 |iAdditional title (within publication) : |aPreparation of human new drug submissions. Supplement |
| 260 | |aOttawa - Ontario : |bHealth Canada. |cc1991, c1998. |
| 300 | |a77p.|btables |
| 490 | 1 |aTherapeutic Products Programme guideline |
| 500 | |aIncludes: Preparation of human new drug submissions. Supplement. (1992, c1998), p.37-77 of 77. Incorrect catalogue numbers (H42-2/38-1990-IN and H42-2-38-1998E) printed in this electronic publication. |
| 590 | |a13-18-Supp|b2013-08-01 |
| 690 | 07|aPharmaceutical industry|2gcpds |
| 690 | 07|aDrugs|2gcpds |
| 710 | 1 |aCanada.|bHealth Canada. |bTherapeutic Products Programme. |
| 775 | 08|tPréparation d'une présentation de drogue nouvelle à l'usage humain |w(CaOODSP)9.605984 |
| 776 | 0#|tPréparation d'une présentation de drogue nouvelle à usage humain |w(CaOODSP)9.518211 |
| 776 | 0#|tPreparation of human new drug submissions |w(CaOODSP)9.518210 |
| 830 | #0|aTherapeutic Products Programme guideline.|w(CaOODSP)9.507557 |
| 856 | 40|ahttp://publications.gc.ca|qPDF|s254 KB|uhttps://publications.gc.ca/collections/collection_2013/sc-hc/H42-2-38-1991-eng.pdf |